000 00726nam a2200253Ia 4500
003 OSt
005 20220912151451.0
006 a|||||r|||| 00| 0
007 ta
008 220909b |||||||| |||| 00| 0 eng d
024 _a26801
037 _cTextual
040 _aCSL
_beng
_cCSL
041 _aeng
082 _aB2893:(D65,8(B)), M9
100 _aSharda Ramesh
245 0 _aImpacts of recent compute advance on O R
260 _aNew York
_b North Holland
_c1989
300 _a585p.
_ccm.
490 _aPublications in Operations Research Series; 9
700 _a Golden Bruce L
942 _hB2893:(D65,8(B)), M9
_cTEXL
_2CC
999 _c69198
_d69198